000 01938cam a2200589 a 4500
001 21551
003 VRT
005 20260305082613.0
008 240318s2015 xo a a 000 p slo
015 _aSNBA2016/06
020 _a9788081820120
_q(viaz.)
035 _aEF54A616-DDDD-4D3B-B148-4AA925A0ADD4
035 _aurn:nbn:sk:snk-amloz1
035 _aurn:nbn:sk:snk-am00bxnn
039 9 _a202403182218
_bVLOAD
_c201707060928
_dVLOAD
_c201704280855
_dmsvkbb04
_c201611231502
_dmtotk19
040 _aPPPK
_bslo
_cPPPK
_dSNK
_eAACR2
041 0 _aslo
044 _axo
_cSK
072 7 _a395
_xSpoločenské správanie. Etiketa
_2konspekt
072 7 _a821-93
_xLiteratúra pre deti a mládež (beletria)
_2konspekt
072 7 _a821.162.4-1
_xSlovenská poézia
_2konspekt
080 _a395
_22011
080 _a82-93-053.2
_22011
080 _a821.162.4-1
_22011
100 1 _aKeníž, Vladimír
_4aut
245 1 0 _aSlušnosť má zelenú
_cVladimír Keníž ; ilustroval Jozef Klinga
260 _a[Bratislava]
_bCitadela
_c2015
300 _a[103] s.
_bfareb. ilustr.
_c20 cm
500 _aMiesto vyd. podľa ISBN
650 0 7 _aspoločenské správanie
_2SNKPH
650 0 7 _aEtiquette
_2SNKPHeng
650 0 7 _aslušné správanie
_2SNKPH
655 7 _aslovenská poézia
_2SNKPH
655 7 _apublikácie pre deti
_2SNKPH
655 7 _aSlovak poetry
_2SNKPHeng
655 7 _aChildren's literature
_2SNKPHeng
700 1 _aKlinga, Jozef
_4ill
910 _apppk
910 _abjkdg
910 _asllk
910 _askpk
910 _avthk
910 _ahevk
910 _asnk
910 _apokpoh
910 _atotk
942 _2ddc
_cKLDE
_n0
949 _6270001000559784
_asvkbbA 150607
_bsvkbbm 767995
949 _617A1197064
_asnkSD 85313
_bsnk2016/13857
_o1329/16
_s6100:20160616
949 _617A1197065
_asnkSD 85313 D1
_bsnk2016/13858
_o1329/16
999 _c21551
_d21551